| 000 | 00681nam a2200193Ia 4500 | ||
|---|---|---|---|
| 001 | 4186 | ||
| 003 | GE_BSU | ||
| 008 | 181216s||||||||xx |||||||||||||| ||und|| | ||
| 040 | _cGE_BSU | ||
| 080 | _a621.721.(035.3) | ||
| 100 | _aЗайцев, К.И. Шмелева, И.А. | ||
| 245 | _aСправочник по сварочно-монтажным работам строительстве трубопроводов. | ||
| 260 | _aМ. | ||
| 260 | _bНедра. | ||
| 260 | _c1982. | ||
| 300 | _a223 стр. 21 см. | ||
| 653 | _aСправочник по сварочно-монтажным работам строительстве трубопроводов. | ||
| 942 | _cBK | ||
| 999 |
_c38196 _d38196 |
||